Nomi di piante, alberi, cereali, spezie,... (con foto) - modo casuale - Statistics

Statistiche generali
  • Questo quiz è stato fatto 214 volte
  • Il punteggio medio è 13 su 24
Statistiche sulle risposte
con Immagini Hint Risposta % Corretto
anguria
100%
Basilico
100%
fico
100%
Margherita
100%
Menta
100%
Muschio
100%
Peperone
100%
Parte dell'albero pigna
100%
albero Pino silvestre
100%
uva passa
100%
Vaniglia
100%
fungo muffa
93%
parte della pianta petalo
92%
Rosmarino
92%
trifoglio
92%
parte dell'albero corteccia
91%
resina
90%
zafferano
90%
Zenzero
89%
Cavolfiore
88%
Peperoncino
88%
parte dell'albero radice
88%
vite
88%
parte dell'albero foglia
87%
albero Baobab
86%
cachi
86%
Mirtillo
86%
prugna
86%
Bambù
83%
cavolo
83%
Lavanda
83%
ribes
83%
Papavero
82%
albero Acero
80%
carciofo
80%
Ceci
80%
Ortica
80%
Salvia
80%
Arachide
79%
Girasole
79%
albero Ciliegio
78%
Edera
78%
Cannella
75%
sottaceto cetriolino
75%
Lattuga
75%
nome generale legumi
75%
anice
73%
albero Castagno
73%
albero Cipresso
73%
Felce
73%
Finocchio
73%
Lampone
73%
albero Melo
73%
Piselli
73%
bulbo
71%
Curcuma
71%
melagrana
70%
parte dell'albero tronco
70%
albicocca
69%
Barbabietola
69%
albero nocciolo
69%
tarassaco
69%
albero Betulla
67%
erba cipollina
67%
frumento
67%
parte della vite grappolo
67%
pesca
67%
fungo porcino
67%
Rapa
67%
Ravanello
67%
Tulipano
67%
Zucca
67%
Ninfea
64%
Alghe
63%
calendula
63%
Camomilla
63%
parte dell'albero ramo
63%
Lichene
62%
Orzo
60%
Senape
60%
Parte della Pianta stelo
60%
fungo tartufo
60%
Semola
59%
Aloe vera
58%
Aneto
57%
fagiolo
56%
Noce moscata
56%
albero Quercia
56%
Violetta
56%
lenticchia
55%
Porro
55%
albero Sequoia
55%
Parte della Pianta bocciolo
54%
Parte della Pianta seme
54%
Canapa
50%
Parte della Pianta chioma
50%
Colza
50%
iris
50%
Luppolo
47%
Narciso
47%
Parte dell'albero aghi
45%
Parte della Pianta germoglio
44%
albero larice
43%
Garofano
42%
Origano
40%
albero Palma da cocco
40%
Nome generale fogliame
39%
Ibisco
38%
Rabarbaro
38%
Timo
38%
Mandorlo
33%
uva spina
33%
Abete rosso
31%
albero Acacia
31%
bietola
31%
farro
31%
ginepro
31%
Canna da zucchero
29%
albero Pioppo
28%
parte dell'albero ceppo
27%
parte della vite innesto
27%
Rovo
27%
nettarina
25%
Sambuco
25%
agave
22%
albero Tiglio
22%
albero Faggio
21%
croco
20%
Prezzemolo
20%
Giglio
19%
albero Cedro
18%
dattero
18%
albero Abete bianco
17%
Cumino
17%
frutta a guscio
17%
Miglio
15%
sorba
15%
polline
14%
parte della piante gambo
13%
Segale
11%
erbaccia
10%
bacche
9%
Aglio orsino
8%
parte della vite fusto
8%
parte della vite tralcio
8%
assenzio
0%
gelsomino
0%
nome specifico granello di senape
0%
fungo ovolo malefico
0%
valeriana
0%
Nessun quiz corrispondente trovato
Distribuzione punteggi
Percentuale di utenti per punteggio
Percentile per numero di risposta
I tuoi punteggi nel tempo
Non hai fatto questo quiz